[Event "zonal 11"]
[Site "Shah Alam MAS"]
[Date "1990.??.??"]
[Round "1.1"]
[White "Torre, Eugenio"]
[Black "Ginting, Nasib"]
[Result "1/2-1/2"]
[WhiteElo "2550"]
[BlackElo "2400"]
[EventDate "1990.02.26"]
[PlyCount "106"]

1.e4 c5 2.Nf3 d6 3.c3 Nf6 4.Be2 Nbd7 5.d3 b6 6.O-O Bb7 7.Nbd2 g6 8.Re1 Bg7
9.Bf1 O-O 10.d4 e5 11.dxe5 Nxe5 12.Nxe5 dxe5 13.Qc2 Qc7 14.a4 Bh6 15.f3 
Rfd8 16.Nc4 Bxc1 17.Qxc1 Ba6 18.Qg5 Bxc4 19.Bxc4 Kg7 20.Rad1 h6 21.Qg3 Nh5
22.Qh4 Rd6 23.Rd5 Nf4 24.Rxd6 Qxd6 25.Qf2 Rd8 26.Kf1 Qd7 27.Qc2 h5 28.g3 
Nh3 29.Bb5 Qe6 30.Rd1 Rxd1+ 31.Qxd1 Ng5 32.Bd7 Qa2 33.h4 Nh7 34.Qd2 a6 35.
Kg2 Nf6 36.Bc6 Qe6 37.Bd5 Qd7 38.b3 a5 39.Qd3 Qd6 40.Bc4 Qxd3 41.Bxd3 Ne8 
42.Kf2 Nd6 43.Ke3 f6 44.f4 Kh6 45.Be2 Kg7 46.Bf1 Kf7 47.Ba6 Kg7 48.Kd3 Kf7
49.Ke3 Kg7 50.Be2 Kh6 51.Bf1 Kg7 52.Ba6 Kh7 53.Kd3 Kg7 1/2-1/2

[Event "zonal 11"]
[Site "Shah Alam MAS"]
[Date "1990.??.??"]
[Round "1.4"]
[White "Lim, Jeremy"]
[Black "Wang Zili"]
[Result "0-1"]
[WhiteElo "2365"]
[BlackElo "2525"]
[EventDate "1990.02.26"]
[PlyCount "102"]

1.c4 Nf6 2.Nc3 c5 3.g3 Nc6 4.Bg2 b6 5.Nf3 Bb7 6.O-O g6 7.b3 Bg7 8.Bb2 O-O 
9.d4 Nxd4 10.Nxd4 Bxg2 11.Kxg2 cxd4 12.Qxd4 d6 13.e4 Rc8 14.Rfd1 Qd7 15.f3
Rc5 16.Nd5 Rfc8 17.Rac1 b5 18.cxb5 Rc2+ 19.Rxc2 Rxc2+ 20.Rd2 Rxb2 21.Qxb2 
Nxd5 22.Qc1 Nc3 23.a4 Qc7 24.Qg1 h5 25.Qe3 Qa5 26.Qd3 Qb4 27.Qc4 Qa3 28.
Rc2 Qa1 29.Qf1 Nd1 30.Qe2 Bd4 31.Rd2 Ne3+ 32.Kh3 e5 33.Ra2 Qc1 34.a5 Qc8+ 
35.g4 Kh7 36.b6 hxg4+ 37.fxg4 g5 38.Kg3 Qh8 39.h3 Qc8 40.Kh2 Qc6 41.Qf3 
Nc2 42.b7 Ne1 43.Qe2 Qc1 44.h4 Qf4+ 45.Kh3 Nf3 46.Qd1 Qe3 47.Kg2 Ne1+ 48.
Kh2 Qg1+ 49.Kh3 Qh1+ 50.Rh2 Qf1+ 51.Kg3 Qf4+ 0-1

[Event "zonal 11"]
[Site "Shah Alam MAS"]
[Date "1990.??.??"]
[Round "1.5"]
[White "Rogers, Ian"]
[Black "Liew Chee Meng, Jimmy"]
[Result "1-0"]
[WhiteElo "2515"]
[BlackElo "2355"]
[EventDate "1990.02.26"]
[PlyCount "55"]

1.e4 e5 2.Nf3 Nc6 3.Bc4 Nf6 4.d3 Bc5 5.c3 a6 6.Nbd2 d6 7.Bb3 O-O 8.Nc4 h6 
9.h3 Be6 10.O-O Ba7 11.Re1 Ne7 12.Nh4 g5 13.Qf3 Ng6 14.Nf5 Bxf5 15.exf5 
Nh4 16.Qxb7 Qd7 17.Na5 Rfb8 18.Qc6 Qxf5 19.Be3 g4 20.Bxa7 Rxa7 21.Re3 Kh8 
22.Bxf7 gxh3 23.Rxh3 Ng4 24.f3 Rxb2 25.Qe8+ Kg7 26.Rxh4 Ne3 27.Qg8+ Kf6 
28.Rxh6+ 1-0

[Event "zonal 11"]
[Site "Shah Alam MAS"]
[Date "1990.??.??"]
[Round "1.8"]
[White "Carless, David"]
[Black "Antonio, Rogelio jr"]
[Result "0-1"]
[WhiteElo "2270"]
[BlackElo "2440"]
[EventDate "1990.02.26"]
[PlyCount "116"]

1.g3 c5 2.c4 Nc6 3.Bg2 g6 4.Nc3 Bg7 5.d3 Nh6 6.e4 O-O 7.h4 d6 8.h5 Ng4 9.
h6 Bh8 10.Nh3 a6 11.O-O Rb8 12.a4 Nd4 13.Nd5 Ne5 14.f3 b5 15.axb5 axb5 16.
cxb5 Nxb5 17.Nf2 Nd4 18.Ra2 Be6 19.f4 Nec6 20.Ra3 Bxd5 21.exd5 Nb4 22.Nh3 
Qd7 23.g4 e6 24.dxe6 fxe6 25.Ng5 d5 26.Kh1 Bf6 27.Nf3 Nbc6 28.Nxd4 Bxd4 
29.b3 Nb4 30.Rf3 Rf7 31.Bd2 Rbf8 32.Bxb4 cxb4 33.Ra4 Qd6 34.Qd2 Bc3 35.Qe3
Rxf4 36.Rxf4 Qxf4 37.Qxf4 Rxf4 38.Ra8+ Kf7 39.Ra7+ Kf6 40.Rxh7 Rxg4 41.Kg1
Rh4 42.Kf2 g5 43.Kg3 Be5+ 44.Kf2 Rf4+ 45.Ke1 Bc3+ 46.Ke2 Bd4 47.Ke1 Rf2 
48.Bh3 Rh2 49.Bg4 Rh4 50.Be2 Rh1+ 51.Kd2 Bc3+ 52.Ke3 Rh3+ 53.Kf2 Rh2+ 54.
Kf1 Ke5 55.Bg4 Kf4 56.Bxe6 Kg3 57.Bxd5 Rf2+ 58.Kg1 Bd4 0-1

[Event "zonal 11"]
[Site "Shah Alam MAS"]
[Date "1990.??.??"]
[Round "1.9"]
[White "Johansen, Darryl"]
[Black "Schmidt, Loren"]
[Result "1-0"]
[WhiteElo "2420"]
[BlackElo "2260"]
[EventDate "1990.02.26"]
[PlyCount "67"]

1.e4 Nf6 2.e5 Nd5 3.d4 d6 4.c4 Nb6 5.exd6 cxd6 6.Nc3 g6 7.Bd3 Bg7 8.Nge2 
O-O 9.O-O Nc6 10.d5 Ne5 11.b3 Nxd3 12.Qxd3 Nd7 13.Be3 Nc5 14.Qd2 a6 15.Bd4
Bd7 16.Bxg7 Kxg7 17.Nd4 Rb8 18.Rfe1 b5 19.b4 Na4 20.Nxa4 bxa4 21.a3 Rc8 
22.Rac1 Re8 23.c5 Bb5 24.c6 Rc7 25.Rc3 Qc8 26.Rh3 Rh8 27.Qh6+ Kg8 28.Rf3 
Bc4 29.Nf5 Qf8 30.Qh4 Bxd5 31.Rxe7 Rxc6 32.Nh6+ Kg7 33.Qd4+ Kxh6 34.Rh3+ 
1-0

[Event "zonal 11"]
[Site "Shah Alam MAS"]
[Date "1990.??.??"]
[Round "2"]
[White "Wang Zili"]
[Black "Johansen, Darryl"]
[Result "1/2-1/2"]
[WhiteElo "2525"]
[BlackElo "2420"]
[EventDate "1990.02.26"]
[PlyCount "35"]

1.e4 Nc6 2.d4 d5 3.Nc3 Nf6 4.e5 Nd7 5.Nxd5 Ndb8 6.Ne3 Qxd4 7.Qxd4 Nxd4 8.
b3 e6 9.Bb2 Ndc6 10.O-O-O b6 11.Nf3 Bb7 12.Nd4 Nxd4 13.Rxd4 Bc5 14.Rd2 Nc6
15.a3 a5 16.Bb5 Rd8 17.Rhd1 Ke7 18.Rd7+ 1/2-1/2

[Event "zonal 11"]
[Site "Shah Alam MAS"]
[Date "1990.??.??"]
[Round "2"]
[White "Lin Ta"]
[Black "Rogers, Ian"]
[Result "1/2-1/2"]
[WhiteElo "2410"]
[BlackElo "2515"]
[EventDate "1990.02.26"]
[PlyCount "34"]

1.d4 Nf6 2.c4 e6 3.Nc3 Bb4 4.f3 d5 5.a3 Be7 6.e4 dxe4 7.fxe4 e5 8.d5 O-O 
9.Nf3 Bg4 10.h3 Bxf3 11.Qxf3 a5 12.Bd3 Na6 13.Bd2 Ne8 14.O-O Nd6 15.Qe2 
Bg5 16.Be1 c5 17.Kh1 g6 1/2-1/2

[Event "zonal 11"]
[Site "Shah Alam MAS"]
[Date "1990.??.??"]
[Round "2"]
[White "Handoko, Edhi"]
[Black "Torre, Eugenio"]
[Result "1-0"]
[WhiteElo "2370"]
[BlackElo "2550"]
[EventDate "1990.02.26"]
[PlyCount "93"]

1.e4 c5 2.c3 e6 3.d4 d5 4.exd5 exd5 5.Nf3 Bd6 6.Bb5+ Nc6 7.O-O Ne7 8.dxc5 
Bxc5 9.Nbd2 O-O 10.Nb3 Bb6 11.Bg5 Qd6 12.Qd2 Bc7 13.Rfe1 Bg4 14.Bxe7 Nxe7 
15.Ne5 Be6 16.Nd4 Nc6 17.Bxc6 bxc6 18.Rad1 c5 19.Nb5 Qb6 20.Nxc7 Qxc7 21.
Nd3 Rad8 22.Nf4 Rd6 23.Qe3 Rfd8 24.Qg3 Qe7 25.Nh5 f6 26.Nf4 Qd7 27.h3 Bf7 
28.Nd3 Qc7 29.b4 cxb4 30.cxb4 Qc4 31.Rc1 Qb5 32.Rc7 R6d7 33.Re7 Rxe7 34.
Rxe7 Rd7 35.a4 Qb7 36.Nc5 Rxe7 37.Nxb7 Rxb7 38.Qd6 h5 39.b5 Kh7 40.f3 Kg6 
41.Kf2 Kh7 42.Ke3 Kg6 43.Kd4 Be8 44.Qe6 Bf7 45.Qc8 Re7 46.Qc2+ Kh6 47.a5 
1-0

[Event "zonal 11"]
[Site "Shah Alam MAS"]
[Date "1990.??.??"]
[Round "2"]
[White "Ye Rongguang"]
[Black "Ginting, Nasib"]
[Result "1-0"]
[WhiteElo "2490"]
[BlackElo "2400"]
[EventDate "1990.02.26"]
[PlyCount "117"]

1.d4 Nf6 2.Nf3 g6 3.Bf4 Bg7 4.e3 O-O 5.Be2 d6 6.h3 Nbd7 7.a4 Qe8 8.Bh2 e5 
9.O-O Qe7 10.a5 a6 11.Na3 Re8 12.Re1 h6 13.c3 Nh7 14.b4 Ng5 15.Nc4 Nxf3+ 
16.Bxf3 e4 17.Be2 d5 18.Nb2 Nf6 19.Na4 Be6 20.Qb3 Red8 21.c4 dxc4 22.Bxc4 
Bxc4 23.Qxc4 Nd5 24.Nc5 c6 25.Rab1 Re8 26.Be5 f6 27.Bh2 f5 28.Rb3 Qf7 29.
Rf1 Rad8 30.Kh1 Re7 31.f3 exf3 32.Rxf3 Qe8 33.Bg1 Kh7 34.Qc2 Nf6 35.Bf2 
Ne4 36.Bg1 Qg8 37.Rb1 Qd5 38.Rbf1 Ng5 39.Rxf5 Qg8 40.R5f4 h5 41.Rh4 Rf8 
42.Rxh5+ Bh6 43.Rxf8 Qxf8 44.Rh4 Ne6 45.Rg4 Qe8 46.Nd3 Ng7 47.Ne5 Re6 48.
Rg3 Nf5 49.Rf3 Nd6 50.Qd3 Bg7 51.Bh2 Qe7 52.Bf4 Qe8 53.h4 Kg8 54.Rh3 Kf8 
55.Rg3 Bxe5 56.Bxe5 Nf5 57.Rh3 Qd8 58.e4 Rxe5 59.dxe5 1-0

[Event "zonal 11"]
[Site "Shah Alam MAS"]
[Date "1990.??.??"]
[Round "2"]
[White "West, Guy"]
[Black "Utut Adianto"]
[Result "1-0"]
[WhiteElo "2330"]
[BlackElo "2525"]
[EventDate "1990.02.26"]
[PlyCount "87"]

1.e4 c6 2.c4 e5 3.d4 d6 4.Nc3 Be7 5.Nge2 Na6 6.g3 h5 7.h3 h4 8.g4 Nc7 9.f4
exf4 10.Nxf4 Bg5 11.Bg2 Bxf4 12.Bxf4 Ne7 13.Qd2 Ne6 14.Bh2 O-O 15.O-O-O 
Nc7 16.Qf4 Ne8 17.Qg5 Be6 18.d5 cxd5 19.cxd5 Bd7 20.Qxh4 Rc8 21.Kb1 Rxc3 
22.bxc3 Qb6+ 23.Ka1 Ng6 24.Qe1 Nc7 25.Rb1 Qa6 26.Bf1 b5 27.Qd2 Re8 28.Bd3 
Qb6 29.Bg1 Qb8 30.Bd4 Ne5 31.g5 Na6 32.h4 Nc5 33.Bxc5 dxc5 34.Be2 Ng6 35.
h5 Nf8 36.Qe3 a6 37.g6 fxg6 38.hxg6 Qe5 39.Rbf1 b4 40.Rh5 Qxc3+ 41.Qxc3 
bxc3 42.d6 Be6 43.Rxc5 Nxg6 44.Bh5 1-0

[Event "zonal 11"]
[Site "Shah Alam MAS"]
[Date "1990.??.??"]
[Round "2"]
[White "Antonio, Rogelio jr"]
[Black "Barcenilla, Rogelio"]
[Result "1/2-1/2"]
[WhiteElo "2440"]
[BlackElo "2385"]
[EventDate "1990.02.26"]
[PlyCount "24"]

1.e4 e5 2.Nf3 Nc6 3.Bb5 a6 4.Ba4 Nf6 5.O-O Be7 6.Re1 b5 7.Bb3 d6 8.c3 O-O 
9.h3 h6 10.d4 Re8 11.Bc2 Bf8 12.Nbd2 Bd7 1/2-1/2

[Event "zonal 11"]
[Site "Shah Alam MAS"]
[Date "1990.??.??"]
[Round "2"]
[White "Schmidt, Loren"]
[Black "Lim, Jeremy"]
[Result "1/2-1/2"]
[WhiteElo "2260"]
[BlackElo "2365"]
[EventDate "1990.02.26"]
[PlyCount "60"]

1.d4 g6 2.c4 Bg7 3.Nc3 d6 4.e4 Nc6 5.Be3 e5 6.d5 Nce7 7.g4 Nf6 8.h3 h5 9.
g5 Nh7 10.Bd3 O-O 11.Qd2 c5 12.O-O-O a6 13.f4 b5 14.Nf3 exf4 15.Bxf4 Qb6 
16.e5 Nf5 17.Ne4 Rb8 18.Nf6+ Kh8 19.Rh2 bxc4 20.Bxc4 Rb7 21.Qc3 dxe5 22.
Bxe5 Nxf6 23.Bxf6 Bxf6 24.gxf6 Qd6 25.Re2 Rb6 26.Nd2 Nd4 27.Re3 Bf5 28.Nf3
Qxf6 29.Nxd4 cxd4 30.Qxd4 Qxd4 1/2-1/2

[Event "zonal 11"]
[Site "Shah Alam MAS"]
[Date "1990.??.??"]
[Round "3"]
[White "Rogers, Ian"]
[Black "Balinas, Rosendo Carrean"]
[Result "1/2-1/2"]
[WhiteElo "2515"]
[BlackElo "2405"]
[EventDate "1990.02.26"]
[PlyCount "124"]

1.Nf3 d5 2.g3 c5 3.Bg2 Nc6 4.O-O e5 5.c4 d4 6.d3 Bd6 7.e3 Nge7 8.exd4 cxd4
9.Na3 O-O 10.Nc2 a5 11.a3 f6 12.Rb1 Bg4 13.h3 Bh5 14.b4 axb4 15.axb4 b5 
16.cxb5 Na7 17.Na3 Rb8 18.Qa4 Qd7 19.Nd2 Nxb5 20.Ne4 Be8 21.Nxb5 Rxb5 22.
Bd2 Nd5 23.Rfc1 Be7 24.Qa6 Rb6 25.Nc5 Bxc5 26.Qc4 Bf7 27.Qxc5 Rb5 28.Qc2 
Be6 29.Qc6 Rfb8 30.Qxd7 Bxd7 31.Rc4 Kf8 32.f4 Bf5 33.Be4 Bxe4 34.dxe4 Nc3 
35.Bxc3 dxc3 36.Kf2 c2 37.Rxc2 Rxb4 38.Rxb4 Rxb4 39.Kf3 Rb3+ 40.Kg4 Re3 
41.Kf5 Ke8 42.fxe5 fxe5 43.Rg2 Kf7 44.h4 Rf3+ 45.Kxe5 h5 46.Rg1 g5 47.g4 
hxg4 48.Rxg4 gxh4 49.Rxh4 Re3 50.Rh7+ Ke8 51.Kf5 Rg3 52.Rh6 Kf7 53.Rb6 Rh3
54.Rb7+ Ke8 55.Ra7 Rh6 56.e5 Rb6 57.Rg7 Ra6 58.Rg6 Rxg6 59.Kxg6 Ke7 60.Kf5
Kf7 61.e6+ Ke7 62.Ke5 Ke8 1/2-1/2

[Event "zonal 11"]
[Site "Shah Alam MAS"]
[Date "1990.??.??"]
[Round "3"]
[White "Barcenilla, Rogelio"]
[Black "Wang Zili"]
[Result "0-1"]
[WhiteElo "2385"]
[BlackElo "2525"]
[EventDate "1990.02.26"]
[PlyCount "116"]

1.c4 c5 2.Nc3 b6 3.Nf3 Bb7 4.g3 Nf6 5.Bg2 e6 6.O-O Be7 7.d4 cxd4 8.Qxd4 
O-O 9.e4 Nc6 10.Qd3 d6 11.b3 a6 12.Rd1 Qc7 13.Bf4 Ne5 14.Qe3 Ng6 15.Bg5 h6
16.Bxf6 Bxf6 17.Rac1 Rab8 18.Nd4 Rfe8 19.Nde2 Be7 20.h3 Bf8 21.Kh2 Qc5 22.
Nd4 Ba8 23.Qe2 Rbd8 24.Na4 Qa5 25.Qd2 Qxd2 26.Rxd2 Rb8 27.Nc3 h5 28.Nde2 
Be7 29.f4 h4 30.g4 e5 31.Nd5 Bxd5 32.cxd5 exf4 33.Bf3 Bf6 34.Kg2 Ne7 35.
Rc7 g5 36.Ra7 Ra8 37.Rb7 Reb8 38.Rd7 Rd8 39.Rb7 Rab8 40.Ra7 Ra8 41.Rb7 
Rab8 42.Ra7 a5 43.Rc2 Rdc8 44.Rxc8+ Nxc8 45.Rc7 Kf8 46.Kf2 Ne7 47.Rd7 Be5 
48.Ke1 Rc8 49.Rb7 Rc2 50.a4 Bc3+ 51.Kf1 Bb4 52.Rxb6 Rd2 53.Rb8+ Kg7 54.e5 
dxe5 55.Rd8 Nc6 56.Rd7 Nd4 57.Nxd4 Rxd4 58.Be2 e4 0-1

[Event "zonal 11"]
[Site "Shah Alam MAS"]
[Date "1990.??.??"]
[Round "3"]
[White "Johansen, Darryl"]
[Black "Ye Rongguang"]
[Result "1/2-1/2"]
[WhiteElo "2420"]
[BlackElo "2490"]
[EventDate "1990.02.26"]
[PlyCount "61"]

1.c4 Nc6 2.g3 e5 3.Bg2 d6 4.d3 g6 5.Nc3 Bg7 6.Rb1 Nge7 7.b4 a6 8.e3 O-O 9.
Nge2 Bf5 10.e4 Be6 11.O-O Qd7 12.Nd5 Rab8 13.Be3 Nd4 14.Bxd4 exd4 15.Ndf4 
b5 16.Nxe6 Qxe6 17.Nf4 Qd7 18.Bh3 Qd8 19.a4 bxc4 20.dxc4 Nc6 21.Nd3 Ne5 
22.Nxe5 dxe5 23.c5 d3 24.b5 axb5 25.axb5 Qd4 26.Qf3 Qxc5 27.Qxd3 Rfd8 28.
Rbc1 Qxb5 29.Qxb5 Rxb5 30.Rxc7 Rdb8 31.Rd1 1/2-1/2

[Event "zonal 11"]
[Site "Shah Alam MAS"]
[Date "1990.??.??"]
[Round "3"]
[White "Torre, Eugenio"]
[Black "Liew Chee Meng, Jimmy"]
[Result "1-0"]
[WhiteElo "2550"]
[BlackElo "2355"]
[EventDate "1990.02.26"]
[PlyCount "49"]

1.d4 Nf6 2.Nf3 c5 3.c3 cxd4 4.cxd4 d5 5.Nc3 Nc6 6.Bf4 a6 7.a3 Ne4 8.Rc1 
Nxc3 9.Rxc3 e6 10.e3 Be7 11.Bd3 Bd7 12.O-O g5 13.Be5 Bf6 14.Bxf6 Qxf6 15.
Nd2 e5 16.dxe5 Nxe5 17.Be2 g4 18.f4 gxf3 19.Nxf3 Be6 20.Qa4+ Kf8 21.Qb4+ 
Kg7 22.Nd4 Qh6 23.Qd6 Nd7 24.e4 Rhg8 25.exd5 1-0

[Event "zonal 11"]
[Site "Shah Alam MAS"]
[Date "1990.??.??"]
[Round "3"]
[White "Liang Jinrong"]
[Black "Lin Ta"]
[Result "1/2-1/2"]
[WhiteElo "2455"]
[BlackElo "2410"]
[EventDate "1990.02.26"]
[PlyCount "28"]

1.e4 e5 2.Nf3 Nc6 3.Bb5 a6 4.Ba4 Nf6 5.O-O Be7 6.Re1 b5 7.Bb3 d6 8.c3 O-O 
9.h3 Bb7 10.d4 Re8 11.Nbd2 Bf8 12.Bc2 Nb8 13.a4 Nbd7 14.Bd3 c6 1/2-1/2

[Event "zonal 11"]
[Site "Shah Alam MAS"]
[Date "1990.??.??"]
[Round "3"]
[White "Handoko, Edhi"]
[Black "Antonio, Rogelio jr"]
[Result "1/2-1/2"]
[WhiteElo "2370"]
[BlackElo "2440"]
[EventDate "1990.02.26"]
[PlyCount "128"]

1.e4 c6 2.d4 d5 3.e5 Bf5 4.Nc3 e6 5.g4 Bg6 6.Nge2 c5 7.h4 cxd4 8.Nxd4 h5 
9.f4 hxg4 10.Bb5+ Nd7 11.Qxg4 Nh6 12.Qg2 Bf5 13.Be3 a6 14.Be2 Qc7 15.a3 
Nc5 16.Bf3 O-O-O 17.O-O-O Bh7 18.Kb1 Nf5 19.Nxf5 Bxf5 20.Bg4 g6 21.Bxf5 
gxf5 22.Qf2 Kb8 23.h5 Rc8 24.Rh3 Bh6 25.Rd4 Rhg8 26.Na4 Nxa4 27.Rxa4 Qc6 
28.Rd4 Rg4 29.Bc1 Qd7 30.Rg3 Bf8 31.Rd1 Bc5 32.Qh2 Rh8 33.h6 Rh7 34.Rh3 
Qa4 35.Rc3 Bb6 36.b4 Rg6 37.Rh3 Qc6 38.Bb2 Qc4 39.Rh1 Qe4 40.Qd2 Rg2 41.
Qc1 Rg4 42.Rf1 Qg2 43.Rfh1 Qe4 44.Rf1 Ba7 45.Qd2 Rg2 46.Qc3 Rg6 47.Rfh1 
Qxf4 48.b5 Rhxh6 49.Rxh6 Rxh6 50.Rxh6 Qxh6 51.Qb4 axb5 52.Qd6+ Kc8 53.Qe7 
f4 54.Qxf7 Bb6 55.Bc1 Be3 56.Qe8+ Kc7 57.Qe7+ Kb6 58.Qd8+ Ka6 59.Qa8+ Kb6 
60.Qd8+ Ka6 61.Qa8+ Ba7 62.Qe8 Bb6 63.Qa8+ Ba7 64.Qe8 Qh1 1/2-1/2

[Event "zonal 11"]
[Site "Shah Alam MAS"]
[Date "1990.??.??"]
[Round "3"]
[White "Utut Adianto"]
[Black "Carless, David"]
[Result "1-0"]
[WhiteElo "2525"]
[BlackElo "2270"]
[EventDate "1990.02.26"]
[PlyCount "49"]

1.d4 d6 2.Nf3 Bg4 3.g3 Nd7 4.Bg2 c6 5.O-O Ngf6 6.c4 e5 7.Nc3 Be7 8.h3 Bh5 
9.Nh4 Bg6 10.e3 O-O 11.f4 exf4 12.exf4 h6 13.Nxg6 fxg6 14.Qd3 Qe8 15.Bd2 
Qf7 16.Rae1 Rfe8 17.g4 Nh7 18.Re2 Rad8 19.g5 Nb6 20.b3 d5 21.cxd5 cxd5 22.
f5 Rd6 23.fxg6 Qxg6 24.Qxg6 Rxg6 25.Nxd5 1-0

[Event "zonal 11"]
[Site "Shah Alam MAS"]
[Date "1990.??.??"]
[Round "3"]
[White "Ginting, Nasib"]
[Black "Schmidt, Loren"]
[Result "1-0"]
[WhiteElo "2400"]
[BlackElo "2260"]
[EventDate "1990.02.26"]
[PlyCount "51"]

1.d4 Nf6 2.c4 c5 3.Nf3 g6 4.g3 Bg7 5.Bg2 cxd4 6.Nxd4 Nc6 7.Nc3 O-O 8.e3 a6
9.O-O Rb8 10.c5 Nxd4 11.exd4 d6 12.cxd6 exd6 13.Bf4 b5 14.Qb3 Nh5 15.Be3 
Bb7 16.Bxb7 Rxb7 17.Nd5 Qd7 18.Rac1 a5 19.Qc3 Qe6 20.Qc6 Rbb8 21.Rfe1 Rfc8
22.Qxc8+ Rxc8 23.Rxc8+ Bf8 24.Rxf8+ Kxf8 25.Bh6+ Ke8 26.Nc7+ 1-0

[Event "zonal 11"]
[Site "Shah Alam MAS"]
[Date "1990.??.??"]
[Round "3"]
[White "Garbett, Paul Anthony"]
[Black "West, Guy"]
[Result "0-1"]
[WhiteElo "2295"]
[BlackElo "2330"]
[EventDate "1990.02.26"]
[PlyCount "70"]

1.e4 d6 2.d4 Nf6 3.Nc3 g6 4.Bg5 c6 5.Qd2 h6 6.Bf4 Nbd7 7.e5 Nh5 8.e6 fxe6 
9.Bd3 Nxf4 10.Qxf4 Rg8 11.Qg3 g5 12.Bh7 Rg7 13.Qd3 Qa5 14.h4 e5 15.Ne2 
exd4 16.Nxd4 Qe5+ 17.Kf1 Nc5 18.Bg6+ Kd7 19.Qf5+ Kc7 20.Ndb5+ cxb5 21.Qxf8
Rxg6 22.Re1 Nd7 23.Qe8 Qf5 24.g4 Qf3 25.Rh2 Rf6 26.Re3 Qc6 27.hxg5 hxg5 
28.Qxe7 a6 29.Ne4 Qc4+ 30.Kg1 Re6 31.Qf7 Kb6 32.b3 Ne5 33.Qf8 Qxc2 34.Nc3 
Ka7 35.Rh7 Qxh7 0-1

[Event "zonal 11"]
[Site "Shah Alam MAS"]
[Date "1990.??.??"]
[Round "4"]
[White "Johansen, Darryl"]
[Black "Rogers, Ian"]
[Result "0-1"]
[WhiteElo "2420"]
[BlackElo "2515"]
[EventDate "1990.02.26"]
[PlyCount "116"]

1.d4 Nf6 2.Nf3 e6 3.c4 c5 4.e3 cxd4 5.exd4 d5 6.Nc3 Bb4 7.cxd5 Nxd5 8.Qc2 
Nc6 9.Bd3 Ba5 10.O-O Ndb4 11.Qe2 Nxd3 12.Qxd3 h6 13.Bf4 O-O 14.a3 Bxc3 15.
Qxc3 Ne7 16.Bg3 b6 17.Bh4 Bb7 18.Rfd1 Qd7 19.Ne5 Qd5 20.f3 Nf5 21.Bf2 Rfc8
22.Qd2 Rc7 23.Rac1 Rac8 24.Rxc7 Rxc7 25.h3 Qd8 26.Ng4 Rd7 27.Ne5 Rc7 28.
Ng4 Rd7 29.Ne5 Rd5 30.Qf4 f6 31.Ng4 h5 32.Nh2 Qd7 33.g4 hxg4 34.hxg4 Nd6 
35.Rc1 e5 36.dxe5 fxe5 37.Qb4 Rd3 38.Re1 e4 39.fxe4 Qe6 40.Re3 Rd1+ 41.Re1
a5 42.Qxb6 Qxe4 43.Nf3 Rxe1+ 44.Bxe1 Qxg4+ 45.Kh2 Bxf3 46.Qb3+ Kh8 47.Qb8+
Kh7 48.Bg3 Ne4 49.Qf4 Qxg3+ 50.Qxg3 Nxg3 51.Kxg3 Bb7 52.b4 axb4 53.axb4 g5
54.b5 Kg6 55.b6 Kf5 56.Kh3 Kf4 57.Kh2 Kg4 58.Kg1 Kg3 0-1

[Event "zonal 11"]
[Site "Shah Alam MAS"]
[Date "1990.??.??"]
[Round "4"]
[White "Barcenilla, Rogelio"]
[Black "Torre, Eugenio"]
[Result "0-1"]
[WhiteElo "2385"]
[BlackElo "2550"]
[EventDate "1990.02.26"]
[PlyCount "82"]

1.e4 c5 2.Nf3 Nc6 3.d4 cxd4 4.Nxd4 Nf6 5.Nc3 d6 6.Be2 e5 7.Nb3 Be7 8.O-O 
O-O 9.Be3 a5 10.Bf3 Be6 11.Nd5 Bxd5 12.exd5 Nb4 13.a3 Na6 14.Be2 a4 15.Nc1
Qa5 16.c4 Nc5 17.Na2 Nfd7 18.Rc1 Qd8 19.Rc3 Bg5 20.Bxc5 Nxc5 21.Nb4 e4 22.
Rh3 f5 23.Qb1 Bf6 24.Bd1 Be5 25.Re1 Qf6 26.Re2 g5 27.Qc1 Bf4 28.Qc3 Qg6 
29.f3 g4 30.fxg4 fxg4 31.Rh4 h5 32.h3 Bg5 33.Qe1 Bxh4 34.Qxh4 gxh3 35.Qxh3
Rf3 36.Qh4 Raf8 37.Bc2 R3f4 38.Qh3 Qf6 39.Qg3+ Rg4 40.Qe1 Qd4+ 41.Kh2 Rff4
0-1

[Event "zonal 11"]
[Site "Shah Alam MAS"]
[Date "1990.??.??"]
[Round "4"]
[White "Ginting, Nasib"]
[Black "Utut Adianto"]
[Result "1/2-1/2"]
[WhiteElo "2400"]
[BlackElo "2525"]
[EventDate "1990.02.26"]
[PlyCount "22"]

1.e4 e5 2.Nf3 Nc6 3.Bb5 a6 4.Bxc6 dxc6 5.O-O f6 6.d4 exd4 7.Nxd4 c5 8.Nb3 
Qxd1 9.Rxd1 Bd7 10.Nc3 c4 11.Na5 b5 1/2-1/2

[Event "zonal 11"]
[Site "Shah Alam MAS"]
[Date "1990.??.??"]
[Round "4"]
[White "Ye Rongguang"]
[Black "Balinas, Rosendo Carrean"]
[Result "1-0"]
[WhiteElo "2490"]
[BlackElo "2405"]
[EventDate "1990.02.26"]
[PlyCount "65"]

1.d4 Nf6 2.c4 g6 3.Nc3 d5 4.cxd5 Nxd5 5.e4 Nxc3 6.bxc3 Bg7 7.Bc4 O-O 8.Ne2
c5 9.O-O Nc6 10.Be3 Bg4 11.f3 Na5 12.Bd3 Bd7 13.d5 b6 14.Qd2 Nb7 15.Bh6 
Qc7 16.Bxg7 Kxg7 17.c4 e5 18.dxe6 fxe6 19.e5 Bc6 20.f4 Rad8 21.Qc3 Na5 22.
Rad1 Qb7 23.f5 Bxg2 24.Nf4 Rxd3 25.Qxd3 Bxf1 26.Nxe6+ Kg8 27.Rxf1 Rxf5 28.
Qd8+ Kf7 29.Rxf5+ gxf5 30.Qf6+ Ke8 31.Qf8+ Kd7 32.Qf7+ Kc6 33.Nd8# 1-0

[Event "zonal 11"]
[Site "Shah Alam MAS"]
[Date "1990.??.??"]
[Round "4"]
[White "Wang Zili"]
[Black "West, Guy"]
[Result "1-0"]
[WhiteElo "2525"]
[BlackElo "2330"]
[EventDate "1990.02.26"]
[PlyCount "75"]

1.e4 d6 2.d4 Nf6 3.Nc3 g6 4.f4 Bg7 5.Nf3 O-O 6.Bd3 Bg4 7.e5 Nfd7 8.h3 Bxf3
9.Qxf3 Nc6 10.Be3 Nb4 11.O-O-O c5 12.dxc5 Qa5 13.a3 Nxd3+ 14.Rxd3 Nxc5 15.
Rd5 b6 16.Bd4 dxe5 17.Bxe5 e6 18.Bxg7 Kxg7 19.Re5 Qa6 20.h4 Qb7 21.Qg3 Nd7
22.Re2 h5 23.Ne4 Qc6 24.Qe3 Rad8 25.Kb1 Rfe8 26.Rd2 e5 27.Rd6 Qc4 28.f5 
Qc7 29.Rhd1 Rf8 30.fxg6 fxg6 31.Qg5 Nf6 32.Rxd8 Nxe4 33.R8d7+ Rf7 34.Rxc7 
Nxg5 35.Rdd7 Rxd7 36.Rxd7+ Nf7 37.Rxa7 Kf6 38.Rb7 1-0

[Event "zonal 11"]
[Site "Shah Alam MAS"]
[Date "1990.??.??"]
[Round "4"]
[White "Antonio, Rogelio jr"]
[Black "Lin Ta"]
[Result "1/2-1/2"]
[WhiteElo "2440"]
[BlackElo "2410"]
[EventDate "1990.02.26"]
[PlyCount "53"]

1.e4 e5 2.Nf3 Nc6 3.Bb5 a6 4.Bxc6 dxc6 5.Nc3 Qd6 6.d4 exd4 7.Qxd4 Qxd4 8.
Nxd4 Bd7 9.Bf4 O-O-O 10.O-O-O Bb4 11.Nce2 Ne7 12.f3 Ng6 13.Bg3 Rhe8 14.Nf4
Nxf4 15.Bxf4 h6 16.g4 Bf8 17.h4 Bxg4 18.fxg4 Rxe4 19.Nxc6 bxc6 20.Rdf1 Be7
21.g5 hxg5 22.Bxg5 Bxg5+ 23.hxg5 Re2 24.Rh4 Rg2 25.b3 Rd7 26.Rhf4 g6 27.
Kb2 1/2-1/2

[Event "zonal 11"]
[Site "Shah Alam MAS"]
[Date "1990.??.??"]
[Round "4"]
[White "Liang Jinrong"]
[Black "Handoko, Edhi"]
[Result "1/2-1/2"]
[WhiteElo "2455"]
[BlackElo "2370"]
[EventDate "1990.02.26"]
[PlyCount "39"]

1.e4 d5 2.exd5 Nf6 3.Bb5+ Bd7 4.Bc4 Bg4 5.Be2 Bxe2 6.Qxe2 Qxd5 7.Nf3 Nc6 
8.Nc3 Qd7 9.d4 e6 10.O-O Bb4 11.Ne4 Nxe4 12.Qxe4 Qd5 13.Qxd5 exd5 14.Bf4 
O-O-O 15.c3 Bd6 16.Bxd6 Rxd6 17.Rfe1 h6 18.Re3 Re6 19.Rxe6 fxe6 20.Re1 
1/2-1/2

[Event "zonal 11"]
[Site "Shah Alam MAS"]
[Date "1990.??.??"]
[Round "4"]
[White "Lim, Jeremy"]
[Black "Garbett, Paul Anthony"]
[Result "1/2-1/2"]
[WhiteElo "2365"]
[BlackElo "2295"]
[EventDate "1990.02.26"]
[PlyCount "71"]

1.c4 f5 2.g3 Nf6 3.Bg2 d6 4.d4 g6 5.Nf3 Bg7 6.O-O O-O 7.d5 c6 8.Nc3 Bd7 9.
Qb3 Qb6 10.Qc2 Na6 11.Be3 Qa5 12.Rad1 Rfc8 13.Qd2 Nc5 14.a3 Na4 15.b4 Qa6 
16.dxc6 bxc6 17.b5 Qa5 18.Nxa4 Qxa4 19.Nd4 Ne4 20.Bxe4 fxe4 21.Nxc6 Bxc6 
22.bxc6 Qxc6 23.Rc1 a6 24.Bd4 Rab8 25.Bxg7 Kxg7 26.Qe3 e5 27.Qc3 Kg8 28.
Qa5 Rb3 29.Rfd1 Qc5 30.Qa4 Rxa3 31.Qd7 Rf8 32.Qe6+ Rf7 33.e3 Rxe3 34.fxe3 
Qxe3+ 35.Kh1 Qf3+ 36.Kg1 1/2-1/2

[Event "zonal 11"]
[Site "Shah Alam MAS"]
[Date "1990.??.??"]
[Round "4"]
[White "Carless, David"]
[Black "Liew Chee Meng, Jimmy"]
[Result "1/2-1/2"]
[WhiteElo "2270"]
[BlackElo "2355"]
[EventDate "1990.02.26"]
[PlyCount "118"]

1.d4 Nf6 2.c4 g6 3.Nc3 Bg7 4.e4 d6 5.f3 O-O 6.Be3 Nc6 7.Nge2 a6 8.Qd2 Rb8 
9.h4 b5 10.h5 e5 11.O-O-O bxc4 12.d5 Nb4 13.Ng3 c6 14.hxg6 fxg6 15.dxc6 
Be6 16.Qxd6 Qc8 17.c7 Rb7 18.Bh6 Ne8 19.Qe7 Nc6 20.Qd8 Qxc7 21.Qxc7 Bxh6+ 
22.Rxh6 Nxc7 23.Nd5 Na5 24.Ne2 Nb5 25.Nec3 Rfb8 26.Rd2 Kg7 27.Rh1 Bxd5 28.
Nxd5 c3 29.bxc3 Na3 30.Nb4 Rc7 31.Kd1 Nb1 32.Nxa6 Nxd2 33.Nxc7 Nxf1 34.
Rxf1 Rb2 35.Re1 Rxg2 36.Re2 Rg3 37.Rf2 h5 38.Ke2 g5 39.Rh2 h4 40.Kf2 g4 
41.fxg4 Rxc3 42.Nd5 Ra3 43.Rxh4 Rxa2+ 44.Ke3 Nc4+ 45.Kd3 Nd6 46.Nc3 Ra3 
47.Kc2 Kg6 48.Rh5 Rxc3+ 49.Kxc3 Nxe4+ 50.Kc4 Nf6 51.Rxe5 Nxg4 52.Re1 Kf5 
53.Kd5 Nf6+ 54.Kd4 Ng4 55.Re2 Kf4 56.Re8 Nf6 57.Rf8 Kf5 58.Ke3 Ke5 59.Ra8 
Nd5+ 1/2-1/2

[Event "zonal 11"]
[Site "Shah Alam MAS"]
[Date "1990.??.??"]
[Round "5"]
[White "Torre, Eugenio"]
[Black "Ye Rongguang"]
[Result "1/2-1/2"]
[WhiteElo "2550"]
[BlackElo "2490"]
[EventDate "1990.02.26"]
[PlyCount "37"]

1.e4 e5 2.Bc4 Nf6 3.d3 Nc6 4.Nf3 d5 5.exd5 Nxd5 6.O-O Bc5 7.Nc3 Nb6 8.Bb3 
O-O 9.Re1 h6 10.Ne4 Bd6 11.Bd2 Bg4 12.h3 Bh5 13.Bc3 a5 14.Ng3 Bxf3 15.Qxf3
a4 16.Bc4 a3 17.b3 Bb4 18.Bxb4 Nxb4 19.Re2 1/2-1/2